Wars in the 20th Century - Sudden Death - Statistics

General Stats
  • This quiz has been taken 131 times
  • The average score is 5 of 17
Answers on the Grid
Answers color-coded by a green-red scale on the quiz's grid according to % correct below.
Mexican-American War
Anglo-Zanzibar War
Winter War
Russian invasion of Manchuria
First Balkan War
Japanese invasion of Taiwan
Cuban War of Independence
First Sino-Japanese War
Cambodian–Vietnamese War
Italo-Turkish War
Yom Kippur War
Spanish–American War
Samoan Civil War
Gulf War
Franco-Thai War
Second Anglo-Sikh War
Eritrean–Ethiopian War
Sino-French War
Russo-Japanese War
Mahdist War
First Chechen War
First Congo War
The Troubles
Sinhalese–Portuguese War
Russo-Georgian War
Iran–Iraq War
Sri Lankan Civil War
Second Ivorian Civil War
Colombia–Peru War
Yugoslav Wars
 
Answer Stats
Answer % Correct
Iran–Iraq War
58%
Winter War
55%
First Balkan War
45%
Gulf War
45%
Yom Kippur War
43%
Cambodian–Vietnamese War
42%
Yugoslav Wars
42%
First Chechen War
34%
Russian invasion of Manchuria
31%
The Troubles
31%
Russo-Japanese War
29%
Eritrean–Ethiopian War
26%
Sri Lankan Civil War
21%
First Congo War
17%
Italo-Turkish War
14%
Franco-Thai War
8%
Colombia–Peru War
4%
No matching quizzes found
Score Distribution
Percent of People with Each Score
Percentile by Number Answered
Your Score History
You have not taken this quiz